| 000 | 01175nam a2200265 i 4500 | ||
|---|---|---|---|
| 001 | bg | ||
| 245 | 0 | 4 |
_aVII Sympozjum na temat Przepięcia w urządzeniach elektrycznych i elektronicznych : _bHołny Mejera 16-19 października 1996 r. / _c[red nauk. Zbigniew Dmochowski] ; Katedra Elektroenergetyki i Katedra Aparatury Elektronicznej Wydziału Elektrycznego Politechniki Białostockiej, Koło SEP [Stowarzyszenia Elektryków Polskich] przy Politechnice Białostockiej, Koło SEP przy Instytucie Elektrotechniki w Warszawie. |
| 260 |
_aBiałystok : _bWydawnictwa PB, _c1996. |
||
| 300 |
_a146 s. : _brys., wykr. ; _c23 cm. |
||
| 500 | _aTekst częśc. ang. | ||
| 500 | _aNa prawach rps. | ||
| 504 | _aBibliogr., streszcz., summ. przy ref. | ||
| 650 | 9 |
_aElektronika _xurządzenia |
|
| 650 | 9 |
_aElektrotechnika _xurządzenia |
|
| 650 | 9 | _aPrzepięcie | |
| 655 | _aMateriały konferencyjne | ||
| 700 | 1 |
_aDmochowski, Zbigniew _d(1931- ). _eRed. |
|
| 020 |
_a8386272481 (popr.) _z862728-48-1 |
||
| 040 | _cBPK | ||
| 041 | 0 |
_aplen _benpl |
|
| 080 | _a621.315/.316(061.3) | ||
| 920 | _a83-86272-48-1 (popr.) | ||
| 942 | _cKS | ||
| 008 | s pl f |000 0 pol | ||
| 999 |
_c31514 _d31514 |
||
| 856 |
_uhttp://koha.tu.koszalin.pl/cgi-bin/koha/opac-detail.pl?biblionumber=31514 _yKatalog online BPK |
||